000
00300nam a2200109 4500
082
_a
624.1833ABD
100
_a
Abdul Majid
245
_a
Portland Cements: Production, Properties, and Applications
260
_a
Lahore:
_b
Institute of Professional Advancement,
_c
1998.
300
_a
302p. ;
942
_c
BK
999
_c
10965
_d
10965